| 000 | 01949cam a22004694i 4500 | ||
|---|---|---|---|
| 003 | PE-LiUPU | ||
| 005 | 20250731184539.0 | ||
| 008 | 181220s2008 xxca r 000 0 eng | ||
| 020 | _a1845530373 | ||
| 020 | _a9781845530372 | ||
| 035 | _a(Sirsi) a251125 | ||
| 082 | 0 | 4 |
_a933 _bJ73 _223 |
| 245 | 0 | 0 |
_aJordan : _ban archaeological reader / _cedited by Russell B. Adams. |
| 264 | 1 |
_aLondon : _bEquinox Pub., _c2008. |
|
| 300 |
_axvi, 581 páginas : _bilustraciones ; _c25 centímetros |
||
| 336 |
_atext _2rdacontent |
||
| 337 |
_aunmediated _2rdamedia |
||
| 338 |
_avolume _2rdacarrier |
||
| 505 | 0 | _aArchaeology in Jordan: a brief history -- Evolving landscape and environment in Jordan -- The Paleolithic period, including the Epipalaeolithic -- The Neolithic period -- The Chalcolithic period -- The early bronze age I-III -- The early bronze age IV -- The middle bronze age -- The late bronze age -- The iron age -- The Persian period -- The Hellenistic period and the Nabataeans -- The Roman period -- The Byzantine period -- The Umayyad and Abbasid periods -- The Middle Islamic and the Crusader periods -- The Ottoman period. | |
| 526 | _aP136 | ||
| 526 | _aP135 | ||
| 526 | _aP134 | ||
| 526 | _aP133 | ||
| 526 | _aP144 | ||
| 526 | _aP143 | ||
| 526 | _aP87 | ||
| 526 | _aP35 | ||
| 526 | _aP20 | ||
| 526 | _aP14 | ||
| 526 | _aP10 | ||
| 526 | _aP06 | ||
| 650 | 0 |
_aExcavaciones(Arqueología) _zJordan. |
|
| 650 | 4 | _aArqueología. | |
| 650 | 4 | _aExcavación. | |
| 700 | 1 |
_aAdams B. Russell, _d1957-, _eeditor. |
|
| 910 |
_adbm _brri _crri _d20181220 |
||
| 942 |
_2ddc _cBOOK |
||
| 994 |
_aC0 _bPEPRU |
||
| 596 | _a1 | ||
| 999 |
_a933 J73 _wDEWEY _c30574 _i79378 _f2021-11-11 _g4 _lCCODEBUL1 _mBUL _p40.00 _r0 _sY _tBOOK _u2018-12-20 _xTEOLOGIA _PP85 _0COMPRA _1FCOMPR2 _o.STAFF. Colección Teología _d30574 |
||
| 980 |
_81 _gALBERTO SANCHEZ Responsable de Automatización |
||